| 000 | 00469nam a22001697a 4500 | ||
|---|---|---|---|
| 999 |
_c3950 _d3950 |
||
| 003 | OSt | ||
| 005 | 20181126203236.0 | ||
| 008 | 181126b ||||| |||| 00| 0 eng d | ||
| 040 | _cDLC | ||
| 082 |
_a248.2 _bH464A |
||
| 100 | _aHegstad, Roland R. | ||
| 245 |
_aAs the Spirit Speaks;/ _bA Look at the Charismatic Movement/ |
||
| 260 |
_aWashington; _bReview and Herald Publishing Association/ _cc1973 |
||
| 300 |
_a61p.; _c18cm |
||
| 650 | _2Holy Spirit | ||
| 942 |
_2ddc _cBK |
||